The little mermaid : and the emperor's new clothes
| Format: | Book |
|---|---|
| Published: |
Selangor :
A to Z Book Distributors
|
| Series: | My favourite fairy tales
|
| Subjects: |
MARC
| LEADER | 00000cam a2200000 7i4500 | ||
|---|---|---|---|
| 001 | 0000004518 | ||
| 005 | 20220105104003.0 | ||
| 008 | 070730 | ||
| 020 | |a 9833629229 | ||
| 090 | 0 | 0 | |a JP |b FT ENG (3945) |
| 245 | 1 | 4 | |a The little mermaid : |b and the emperor's new clothes |
| 260 | |a Selangor : |b A to Z Book Distributors | ||
| 440 | 0 | |a My favourite fairy tales | |
| 500 | |a Children age 4-6 years old (yellow) | ||
| 650 | 0 | |a Fairy tales | |
| 650 | 0 | |a Junior preschool |x English |x Languages | |
| 999 | |a 0000971983 |b Book |c Children Collection |e Perbadanan Perpustakaan Awam Johor | ||